000 01938nam a2200397 a 4500
001 00377
003 DO-SdBNP
005 20180309110050.0
007 00377
008 091118s2012 dr 2012 000 0 spa d
020 _a9789945117288 (7)
020 _a9789945116441 (7) Guía
040 _aBPMSU
_bspa
_cBPMSU
092 _a372.83
_bA452s, 7mo. 2012
245 1 0 _a Sociedad 7 :
_beducación básica /
_cAna Iris Almonte Ysiano ... [et al.] ; dirección editorial Obdulia García de Escobar ; editora Margarita Castro Catrain
260 _aSanto Domingo :
_bSantillana,
_c2012.
300 _a2 v. :
_bil., mapas., retrs. ;
_c28 cm.
490 1 _aInnova
500 _aLa biblioteca posee el libro y la guía
505 _tUnidad 1.
_tLa época colonial --
_tUnidad 2.
_tÉpoca de revoluciones --
_tUnidad 3.
_tEvolución de las Antillas --
_tUnidad 4.
_tEntre la colonia y la República --
_tUnidad 5.
_tLa economía del siglo XIX --
_tUnidad 6.
_tLa fundación de la República --
_tUnidad 7.
_tAnexión y Segunda República --
_tUnidad 8.
_tIndependentismo y antillanismo --
_tUnidad 9.
_tLiberalismo y dictadura --
_tUnidad 10.
_tLa cultura del siglo XIX --
_tUnidad 11.
_tModernización a fines del siglo XIX --
_tUnidad 12.
_tEl espacio en el siglo XIX.
650 4 _aCIENCIAS SOCIALES
_xEDUCACIÓN PRIMARIA
650 4 _aCIENCIAS SOCIALES
_xESTUDIOS Y EJERCICIOS
650 4 _aCIENCIAS SOCIALES
_xLIBROS DE TEXTOS
650 4 _aEDUCACIÓN PRIMARIA
_zREPÚBLICA DOMINICANA
650 4 _aCIENCIAS SOCIALES
_xENSEÑANZA BÁSICA
700 1 2 _aAlmonte Ysiano, Ana Iris
700 1 2 _aGarcía de Escobar, Obdulia.
700 1 2 _aCastro Catrain, Margarita
830 0 _aInnova
910 _aValidado. Control de calidad MFF
942 _2ddc
_cBK
945 _aRemanejado para BNPHU / 2018 BT
956 _aYLOCKWARD
_b10
_c20150617
_lBND01
_h1122
956 _aVMATEO
_b10
_c20150617
_lBMET02
_h00151
956 _aBTAVÁREZ
_b10
_c20160513
_l00377
999 _c10137
_d10137